01807nam a2200241Ia 4500001000600000003000900006008004100015040001300056040001300069041001300082100002100095100002900116245005800145245005800203250001100261260001100272260001500283260004900298300005700347500110200404650002801506650003101534F9113IT-RoPAU130308s9999 xx 000 0 und d aIT-RoPAU cIT-RoPAU aITALIANO aLobrutto Vincent gCodice Aut. SPICS: 53191 aStanley Kubrick. L'uomo dietro la leggenda: biografia bStanley Kubrick. l'uomo Dietro la Leggenda: Biografia a1a ed. aMILANO bIl Castoro c1999 [1° Ed.:1999 - Ed.Ling.Originale:1997] a"576 p. (prefazione: no ; testo: 576 [pagine: 0-0])" a"Storia di un Ragazzo del Bronx che è Riuscito a Diventare una Stella. muore a Londra Il 7 Marzo 1999 a 70 Anni. Non Ha Visto Il Nuovo Secolo, che Pero' Aveva Visitato con Il suo Capolavoro ""2001: Odissea Nello Spazio"". al momento della Morte Aveva Appena Terminato Il suo XIII lungometraggio Eyes Wide Shut, Sui Limiti della Sessualità e le Emozioni che nascono Dall'Ossessione Erotica e Dalla Gelosia. Biografia Divisa in 6 Parti: 1928 1948: Il Bronx Dove nacque e Visse la Sua Giovinezza. 1948 1956: New York, Dove Fa Ilfotografo per la rivista look e Sogna di Fare Il Regista, Inizia con cortometraggi e I Primi Lungometraggi, regista di Guerriglia. 1956 1960: Hollywood: la Harris Kubrick. 1960 1964: Inghilterra. 1964 1987: Isolamento, solitudine ed Eremitaggio. parte Vi: Infinito. Filmografia, da Ricordare: Il Bacio dell'Assassino (1955), Rapina a Mano Armata (1956), Orizzonti di Gloria (1957), Spartacus (1960), Lolita (1962), Il dottor Stranamore (1964), 2001:Odissea Nello Spazio (1968), Arancia meccanica (1971), Barry Lyndon (1975), Shining (1980), Full Metal Jacket (1987)." aAUTORI/OPERE DEL CINEMA eCodice materia Spics: 6807